Burg und Herrschaft. - Dresden : Sandstein-Verl.. - 2010 [Rezension]
| Titel: | Burg und Herrschaft. - Dresden : Sandstein-Verl.. - 2010 [Rezension] |
|---|---|
| Verfasser: | |
| In: |
Historische Zeitschrift, Band 294, Heft 2 (2012), Seite 445-446 alle Artikel anzeigen |
| Veröffentlicht: | 2012 |
| Format: | Aufsatz |
| Sprache: | Deutsch |
| Hinweise zum Inhalt: |
zusätzliche Angaben
|
X
alg: 39505852 001A $01999:12-11-16 001B $01999:29-04-19 $t22:29:20.000 001C $06050:25-01-17 $t16:07:14.000 001D $01999:12-11-16 001U $0utf8 001X $00 002@ $0Aox 003@ $039505852X 007A $039505852X $aHEB 007T $0Herdc0079188m 009P $A2 $3zusätzliche Angaben $uhttp://www.oldenbourg-link.com/doi/pdf/10.1524/hzhz.2012.0017 010@ $ager 011@ $a2012 021A $aBurg und Herrschaft. - Dresden : Sandstein-Verl.. - 2010 [Rezension] 028A $aClemens $dLukas 031A $d294 $e2 $h445-446 $j2012 039B $aIn $8--Abvc--. Historische Zeitschrift. - [Berlin] : de Gruyter Oldenbourg, 1859-. - ISSN 0018-2613 $x201200002940002555 $9047105259 039T $8--Aau--. Burg und Herrschaft. - Dresden : Sandstein-Verl., 2010. - 320 S.. - zahlr. Ill., graph. Darst., Kt.. - ISBN 978-3-940319-97-5 $9224767119 045T $a1 $a8 $a0 045T $aLING $qDE-30 $2FID lok: 39505852 78 exp: 39505852 78 1 #EPN 201B/01 $018-11-16 $t13:37:05.000 201U/01 $0utf8 203@/01 $0791357163 208@/01 $a12-11-16 $be 209A/01 $a/ $f000 $x00 220C/01 $aTitelaufnehmer: pg 220C/01 $aHerkunft: HI Marburg 244Z/01 $2Trx $#arvustused $#recenzijos $#Reviews $#recenziók $#recenzje $#recenzie $#recenze $8--Trx--Rezensionen $x01 $9391357441 244Z/01 $2Trx $8--Trx--elektronische Ressource $x02 $939138452X 247C/01 $82080>Marburg/Lahn, Herder-Institut, Forschungsbibliothek, Bibliographieportal $9336309341
| LEADER | 00000caa a22000002c 4500 | ||
|---|---|---|---|
| 001 | 39505852X | ||
| 003 | DE-603 | ||
| 005 | 20190429222920.0 | ||
| 007 | tu | ||
| 008 | 161112s2012 xx |||| | u00||u|ger c | ||
| 035 | |a (DE-599)HEB39505852X | ||
| 040 | |a DE-603 |b ger |c DE-603 |d DE-603 | ||
| 041 | |a ger | ||
| 084 | |a 1 |a 8 |a 0 |2 ssgn | ||
| 084 | |a LING |q DE-30 |2 fid | ||
| 100 | 1 | |a Clemens, Lukas | |
| 245 | 0 | 0 | |a Burg und Herrschaft. - Dresden : Sandstein-Verl.. - 2010 [Rezension] |
| 264 | 0 | |c 2012 | |
| 773 | 0 | 8 | |i In |t Historische Zeitschrift |d [Berlin] : de Gruyter Oldenbourg, 1859- |x 0018-2613 |g Band 294, Heft 2 (2012), Seite 445-446 |w (DE-603)047105259 |w (DE-600)120689-8 |
| 787 | 0 | 8 | |i Rezension von |t Burg und Herrschaft |d Dresden : Sandstein-Verl., 2010 |h 320 S., zahlr. Ill., graph. Darst., Kt. |z 9783940319975 |z 9783861021629 |z 394031997X |z 3861021625 |w (DE-603)224767119 |
| 856 | 4 | 2 | |u http://www.oldenbourg-link.com/doi/pdf/10.1524/hzhz.2012.0017 |3 zusätzliche Angaben |
| 924 | 0 | |9 2080 |a (DE-603)791357163 |b DE-2080 |c HES |d d |g / | |


